[Event "Titled Tuesday intern op 12th Mar Early"]
[Site "Chess.com INT"]
[Date "2024.03.12"]
[Round "10"]
[White "Dushyant, Sharma"]
[Black "Sethuraman, Roshan"]
[Result "1-0"]
[WhiteElo "2331"]
[BlackElo "2017"]
[PlyCount "43"]
[EventDate "2024.03.12"]
[EventType "swiss (blitz)"]
[EventRounds "11"]
[EventCountry "USA"]
[SourceTitle "CB12_2024"]
[SourceDate "2023.10.01"]
[SourceVersion "1"]
[SourceVersionDate "2023.10.01"]
[SourceQuality "1"]

1. e4 e5 2. Nf3 Nc6 3. Nc3 Nf6 4. Bb5 a6 5. Bxc6 dxc6 6. Nxe5 Nxe4 7. Nxe4 Qd4 8. 0-0 Qxe5 9. Re1 Be7 10. d4 Qd5 11. Bg5 Be6 12. Bxe7 Kxe7 13. Nc5 b6 14. Re5 Qd6 15. Nxe6 fxe6 16. Qg4 Kf7 17. Qf4+ Kg8 18. Rae1 Rf8 19. Qg4 c5 20. dxc5 bxc5 21. Rxe6 Qd2 22. R6e2 1-0

[Event "Titled Tuesday intern op 12th Mar Late"]
[Site "Chess.com INT"]
[Date "2024.03.12"]
[Round "3"]
[White "Ranaldi, Lucas"]
[Black "Sethuraman, Roshan"]
[Result "1/2-1/2"]
[WhiteElo "2361"]
[BlackElo "2017"]
[PlyCount "137"]
[EventDate "2024.03.12"]
[EventType "swiss (blitz)"]
[EventRounds "11"]
[EventCountry "USA"]
[SourceTitle "CB12_2024"]
[SourceDate "2023.10.01"]
[SourceVersion "1"]
[SourceVersionDate "2023.10.01"]
[SourceQuality "1"]

1. c4 e5 2. g3 Nf6 3. Bg2 d5 4. cxd5 Nxd5 5. Nf3 Nc6 6. 0-0 Be7 7. d4 e4 8. Ne5 f5 9. Nxc6 bxc6 10. Qc2 0-0 11. Qxc6 Rb8 12. a3 Rb6 13. Qc2 Be6 14. Nd2 Bf6 15. e3 Qd7 16. b4 Rc6 17. Qd1 Rb8 18. Bb2 a5 19. Nb3 axb4 20. Na5 Ra6 21. axb4 Rxb4 22. Bc1 Qb5 23. Bd2 Rxa5 24. Rxa5 Qxa5 25. Qc1 Qb6 26. Bxb4 Nxb4 27. Qa3 Nd5 28. Qa8+ Kf7 29. Rc1 Ne7 30. Bf1 Bd5 31. Bc4 c6 32. Qa2 g6 33. h4 Kg7 34. Kg2 Qd8 35. Rc2 Qd6 36. Qb3 Qe6 37. Qa4 h6 38. Qa6 Qf7 39. Bxd5 cxd5 40. Rc7 g5 41. hxg5 hxg5 42. Qb7 f4 43. gxf4 gxf4 44. exf4 Qg6+ 45. Kf1 Qf7 46. f5 Bg5 47. Rd7 Qxf5 48. Rxe7+ Bxe7 49. Qxe7+ Kg6 50. Qd6+ Kg5 51. Qg3+ Kf6 52. Ke2 Qh5+ 53. Ke3 Qg5+ 54. Qxg5+ Kxg5 55. f3 exf3 56. Kxf3 Kf5 57. Ke3 Kg4 58. Kd3 Kf3 59. Kd2 Ke4 60. Kc3 Ke3 61. Kc2 Kxd4 62. Kd2 Kc4 63. Kc2 d4 64. Kd2 d3 65. Kd1 Kd4 66. Kd2 Kc4 67. Kd1 Kb4 68. Kd2 Kb5 69. Kxd3 1/2-1/2

[Event "Titled Tuesday intern op 12th Mar Late"]
[Site "Chess.com INT"]
[Date "2024.03.12"]
[Round "2"]
[White "Santos Flores, Alberto Javier"]
[Black "Sethuraman, Roshan"]
[Result "0-1"]
[WhiteElo "2183"]
[BlackElo "2017"]
[PlyCount "124"]
[EventDate "2024.03.12"]
[EventType "swiss (blitz)"]
[EventRounds "11"]
[EventCountry "USA"]
[SourceTitle "CB12_2024"]
[SourceDate "2023.10.01"]
[SourceVersion "1"]
[SourceVersionDate "2023.10.01"]
[SourceQuality "1"]

1. e4 e5 2. Nf3 Nc6 3. Bc4 Bc5 4. 0-0 Nf6 5. d4 exd4 6. e5 d5 7. exf6 dxc4 8. fxg7 Rg8 9. Re1+ Be6 10. Nbd2 Qd5 11. Ne4 Be7 12. Bg5 Bxg5 13. Nfxg5 0-0-0 14. Nxe6 Qxe6 15. Ng3 Qg6 16. Nh5 Rd5 17. Nf4 Qxg7 18. Qf3 Rd6 19. g3 Kb8 20. Re4 Ne5 21. Qh5 Ng6 22. Rae1 a6 23. Re8+ Rd8 24. Rxd8+ Rxd8 25. Qg5 Qf8 26. Nh5 d3 27. cxd3 cxd3 28. Nf6 Qd6 29. Rd1 Ne5 30. Qf4 Ka8 31. Nxh7 Qd5 32. Nf6 Nf3+ 33. Kh1 Qc6 34. Ne4 Nd4 35. Rxd3 f5 36. f3 fxe4 37. fxe4 Qc4 38. Qd2 c5 39. Kg2 Qe6 40. Qe3 Re8 41. Qf4 Qxa2 42. Rd2 Qe6 43. b4 Qxe4+ 44. Qxe4 Rxe4 45. bxc5 Re2+ 46. Rxe2 Nxe2 47. h4 Nd4 48. h5 Ne6 49. g4 Ng5 50. Kg3 a5 51. Kf4 Nh7 52. g5 a4 53. g6 Nf6 54. Kg5 a3 55. Kxf6 a2 56. g7 a1Q+ 57. Kf7 Qa2+ 58. Kf8 Qf2+ 59. Ke8 Qe3+ 60. Kf8 Qxc5+ 61. Kf7 Qxh5+ 62. Kf8 Qh6 0-1

[Event "Titled Tuesday intern op 12th Mar Late"]
[Site "Chess.com INT"]
[Date "2024.03.12"]
[Round "9"]
[White "Sethuraman, Roshan"]
[Black "Antoniou, Rafail"]
[Result "0-1"]
[WhiteElo "2017"]
[BlackElo "2036"]
[PlyCount "52"]
[EventDate "2024.03.12"]
[EventType "swiss (blitz)"]
[EventRounds "11"]
[EventCountry "USA"]
[SourceTitle "CB12_2024"]
[SourceDate "2023.10.01"]
[SourceVersion "1"]
[SourceVersionDate "2023.10.01"]
[SourceQuality "1"]

1. e4 c5 2. Nf3 e6 3. d4 cxd4 4. Nxd4 Nf6 5. Nc3 Nc6 6. Ndb5 Bc5 7. Nd6+ Ke7 8. Bf4 e5 9. Nf5+ Kf8 10. Be3 Bb4 11. Ng3 d5 12. exd5 Nxd5 13. Bd2 Nxc3 14. Bxc3 Bxc3+ 15. bxc3 Be6 16. Bd3 Qa5 17. Qd2 g6 18. 0-0 h5 19. f4 Qc5+ 20. Kh1 exf4 21. Rxf4 Kg7 22. Ne4 Qe5 23. Ng5 Qxg5 24. Rxf7+ Kh6 25. Rf4 Rhf8 26. g3 Bd5+ 0-1

[Event "Titled Tuesday intern op 12th Mar Early"]
[Site "Chess.com INT"]
[Date "2024.03.12"]
[Round "11"]
[White "Sethuraman, Roshan"]
[Black "Poddubnyi, Viktor"]
[Result "1-0"]
[WhiteElo "2017"]
[BlackElo "2304"]
[PlyCount "75"]
[EventDate "2024.03.12"]
[EventType "swiss (blitz)"]
[EventRounds "11"]
[EventCountry "USA"]
[SourceTitle "CB12_2024"]
[SourceDate "2023.10.01"]
[SourceVersion "1"]
[SourceVersionDate "2023.10.01"]
[SourceQuality "1"]

1. e4 g6 2. d4 Bg7 3. Nf3 d6 4. Nc3 Nf6 5. Bd3 Nc6 6. 0-0 Bg4 7. Be3 e5 8. dxe5 Nxe5 9. Be2 Bxf3 10. Bxf3 Nxf3+ 11. Qxf3 0-0 12. Rad1 Nd7 13. Bd4 Ne5 14. Qe2 Re8 15. f4 Nd7 16. Bxg7 Kxg7 17. f5 Ne5 18. Qe3 f6 19. Nd5 c6 20. Nf4 Qb6 21. Qxb6 axb6 22. Rxd6 Rxa2 23. fxg6 hxg6 24. Ne6+ Kf7 25. Ng5+ Kg7 26. Rdxf6 Rxb2 27. Ne6+ Kh7 28. c3 Re2 29. h3 b5 30. Ng5+ Kg7 31. h4 Re3 32. Ne6+ Kh7 33. Ng5+ Kg7 34. Rd6 Re7 35. Ne6+ Kh7 36. Nf8+ Kg7 37. Ne6+ Kh7 38. Nc5 1-0

[Event "Titled Tuesday intern op 12th Mar Early"]
[Site "Chess.com INT"]
[Date "2024.03.12"]
[Round "3"]
[White "Sethuraman, Roshan"]
[Black "Vlachos, Anatole"]
[Result "1-0"]
[WhiteElo "2017"]
[BlackElo "2479"]
[PlyCount "65"]
[EventDate "2024.03.12"]
[EventType "swiss (blitz)"]
[EventRounds "11"]
[EventCountry "USA"]
[SourceTitle "CB12_2024"]
[SourceDate "2023.10.01"]
[SourceVersion "1"]
[SourceVersionDate "2023.10.01"]
[SourceQuality "1"]

1. e4 c5 2. Nf3 d6 3. d4 cxd4 4. Nxd4 Nf6 5. Nc3 a6 6. f3 e5 7. Nb3 Be6 8. Be3 Nbd7 9. Qd2 h5 10. Nd5 Bxd5 11. exd5 g6 12. c4 Rc8 13. Na5 Qc7 14. b4 Bg7 15. Rc1 0-0 16. Be2 e4 17. 0-0 exf3 18. gxf3 h4 19. c5 Nh5 20. c6 bxc6 21. Bxa6 Ra8 22. Rxc6 Qd8 23. Be2 Ne5 24. Rcc1 Qd7 25. Nc6 Qh3 26. Rf2 f5 27. Nxe5 f4 28. Nxg6 fxe3 29. Qxe3 Rae8 30. Qg5 Rf5 31. Ne7+ Rxe7 32. Qxe7 Bd4 33. Rc8+ 1-0

[Event "Titled Tuesday intern op 12th Mar Early"]
[Site "Chess.com INT"]
[Date "2024.03.12"]
[Round "8"]
[White "Skliarov, Viktor"]
[Black "Sethuraman, Roshan"]
[Result "1-0"]
[WhiteElo "2349"]
[BlackElo "2017"]
[PlyCount "151"]
[EventDate "2024.03.12"]
[EventType "swiss (blitz)"]
[EventRounds "11"]
[EventCountry "USA"]
[SourceTitle "CB12_2024"]
[SourceDate "2023.10.01"]
[SourceVersion "1"]
[SourceVersionDate "2023.10.01"]
[SourceQuality "1"]

1. e4 e5 2. Nc3 Nc6 3. Bc4 Bc5 4. Qg4 g6 5. Qf3 Nf6 6. Nge2 d6 7. h3 Be6 8. Nd5 Bxd5 9. exd5 e4 10. Qb3 Na5 11. Qa4+ c6 12. dxc6 Nxc6 13. b4 Bb6 14. Bb2 d5 15. Bb5 Rc8 16. Nd4 Bxd4 17. Bxd4 a6 18. Bxc6+ Rxc6 19. 0-0 0-0 20. c3 Nd7 21. Qb3 Nb6 22. a4 Nc4 23. Ra2 b5 24. axb5 axb5 25. Qd1 Qg5 26. Qg4 Qxg4 27. hxg4 h5 28. g5 Rc7 29. Rfa1 Rb8 30. Kf1 Rcb7 31. Ke2 Kf8 32. Bf6 Ke8 33. Ra6 Kd7 34. d3 exd3+ 35. Kxd3 Nd6 36. Kd4 Ne8 37. Be5 Nc7 38. Rd6+ Ke7 39. Rc6 Ne6+ 40. Ke3 Rd8 41. Bf6+ Kd7 42. Raa6 Re8 43. Kd2 Nc7 44. Rd6+ Kc8 45. Rac6 Kb8 46. g3 Ne6 47. Rxd5 Nc7 48. Rd7 Ne6 49. Rxb7+ Kxb7 50. Rd6 Kc7 51. Rd5 Kb6 52. Bd4+ Kc6 53. Re5 Rd8 54. Ke3 Ra8 55. f4 Ra1 56. f5 Re1+ 57. Kf2 Rxe5 58. Bxe5 gxf5 59. Bf6 Kd5 60. Kg2 Ke4 61. Kh3 Kf3 62. Kh4 Kg2 63. Be5 Kf3 64. Kxh5 f4 65. gxf4 Nxf4+ 66. Kh6 Nd3 67. Bf6 Kg4 68. Kg7 Kf5 69. Kxf7 Nf4 70. Ke7 Nd5+ 71. Kd6 Ne3 72. Kc6 Nd1 73. Kxb5 Kg6 74. Kc6 Nxc3 75. Bxc3 Kxg5 76. b5 1-0

[Event "Titled Tuesday intern op 12th Mar Late"]
[Site "Chess.com INT"]
[Date "2024.03.12"]
[Round "8"]
[White "Yagupov, Igor"]
[Black "Sethuraman, Roshan"]
[Result "0-1"]
[WhiteElo "2290"]
[BlackElo "2017"]
[PlyCount "122"]
[EventDate "2024.03.12"]
[EventType "swiss (blitz)"]
[EventRounds "11"]
[EventCountry "USA"]
[SourceTitle "CB12_2024"]
[SourceDate "2023.10.01"]
[SourceVersion "1"]
[SourceVersionDate "2023.10.01"]
[SourceQuality "1"]

1. Nf3 Nf6 2. c4 e6 3. Nc3 d5 4. d4 dxc4 5. e3 a6 6. Bxc4 b5 7. Be2 Bb7 8. b3 Nbd7 9. Bb2 Be7 10. Rc1 0-0 11. 0-0 c5 12. Qc2 Rc8 13. Qb1 Qb6 14. Rfd1 Rfd8 15. h3 Nf8 16. dxc5 Bxc5 17. Ng5 Bxe3 18. fxe3 Qxe3+ 19. Kh1 Qxg5 20. Bf1 Rxd1 21. Nxd1 Rxc1 22. Bxc1 Qg3 23. Kg1 Nd5 24. Qe4 Qc7 25. Bb2 f6 26. Nf2 Nf4 27. Qe3 Nd5 28. Qd2 e5 29. Bd3 Nf4 30. Be4 Bxe4 31. Nxe4 Qc6 32. Nd6 Qd5 33. Qxd5+ Nxd5 34. Ne4 Ne6 35. Kf2 Kf7 36. Bc1 Ke7 37. Bd2 Kd7 38. g4 Kc6 39. h4 g6 40. h5 f5 41. gxf5 gxf5 42. Ng3 f4 43. Ne4 h6 44. Kf3 Nd4+ 45. Kg4 Ne3+ 46. Kh4 Kd5 47. Bxe3 fxe3 48. Nc3+ Ke6 49. Kg3 b4 50. Ne4 Kf5 51. Nd6+ Kg5 52. Nf7+ Kxh5 53. Nxe5 Kg5 54. Nd3 a5 55. Nc5 h5 56. Ne4+ Kf5 57. Nd6+ Ke6 58. Nc4 e2 59. Kf2 h4 60. Nxa5 h3 61. Nc4 h2 0-1

[Event "PNWCC Online blitz JP 9th"]
[Site "Chess.com INT"]
[Date "2020.05.09"]
[Round "6"]
[White "Sethuraman, Roshan"]
[Black "Rajanish, Abhinav"]
[Result "0-1"]
[WhiteElo "1284"]
[BlackElo "1619"]
[PlyCount "68"]
[EventDate "2020.05.09"]
[EventType "swiss (blitz)"]
[EventRounds "11"]
[EventCountry "USA"]
[SourceTitle "CBM 196 Extra"]
[Source "ChessBase"]
[SourceDate "2020.07.31"]
[SourceVersion "1"]
[SourceVersionDate "2020.07.31"]
[SourceQuality "1"]

1. e4 c5 2. Nf3 d6 3. d4 cxd4 4. Nxd4 Nf6 5. Nc3 a6 6. a4 e5 7. Nb3 Be6 8. Be3 Nbd7 9. Be2 Be7 10. 0-0 0-0 11. f4 Rc8 12. f5 Bc4 13. Bxc4 Rxc4 14. Nd5 Nxe4 15. Qd3 b5 16. axb5 axb5 17. Na5 Ndc5 18. Qe2 Ra4 19. Rxa4 Nxa4 20. Nc6 Qa8 21. Ncxe7+ Kh8 22. Nb6 Nxb6 23. Bxb6 Qb7 24. Kh1 Nf6 25. Ng6+ fxg6 26. fxg6 Qxb6 27. Qh5 h6 28. h3 Qc6 29. Kh2 Qxc2 30. Kg1 Qxb2 31. g4 Qd4+ 32. Kh1 Qe4+ 33. Kg1 Qe3+ 34. Kh1 b4 0-1

[Event "PNWCC Online blitz JP 2nd"]
[Site "Chess.com INT"]
[Date "2020.03.21"]
[Round "1"]
[White "Kondakov, Adrian"]
[Black "Sethuraman, Roshan"]
[Result "1/2-1/2"]
[WhiteElo "1986"]
[BlackElo "1284"]
[PlyCount "146"]
[EventDate "2020.03.21"]
[EventType "swiss (blitz)"]
[EventRounds "11"]
[EventCountry "USA"]
[SourceTitle "CBM 195 Extra"]
[Source "ChessBase"]
[SourceDate "2020.05.31"]
[SourceVersion "1"]
[SourceVersionDate "2020.05.31"]
[SourceQuality "1"]

1. e4 e5 2. Bc4 Bc5 3. d3 Nf6 4. Nf3 Nc6 5. 0-0 0-0 6. h3 Be7 7. Re1 d6 8. c3 Be6 9. Bxe6 fxe6 10. Qb3 Qc8 11. Nbd2 Na5 12. Qc2 Qd7 13. Nf1 c5 14. a3 Nc6 15. b4 cxb4 16. axb4 Rac8 17. Qb3 a6 18. Bd2 Na7 19. Ng5 d5 20. exd5 Qxd5 21. Qxd5 exd5 22. Rxe5 Rfe8 23. Rae1 Bd6 24. Rxe8+ Rxe8 25. Rxe8+ Nxe8 26. Ne3 h6 27. Nf3 Nf6 28. Nf5 Bc7 29. N3d4 Be5 30. Be3 Nc6 31. Nxc6 bxc6 32. Ne7+ Kf7 33. Nxc6 Bxc3 34. Kf1 Ke6 35. Bd4 Bd2 36. Ke2 Bg5 37. Nb8 Ne8 38. Nxa6 Be7 39. Nc5+ Kd6 40. Ke3 Kc6 41. Ne6 g5 42. Bc5 Bf6 43. d4 Nd6 44. Bxd6 Kxd6 45. Nc5 Kc6 46. Kd3 Kb5 47. Kc3 Bh8 48. g3 Bg7 49. Ne6 Bf6 50. Nc7+ Kc6 51. Ne8 Be7 52. Ng7 Kb5 53. Nf5 Bxb4+ 54. Kd3 Bf8 55. h4 gxh4 56. gxh4 Kc6 57. Ke3 Kd7 58. Kf4 Ke6 59. h5 Kf6 60. f3 Bb4 61. Kg4 Bd2 62. f4 Bc3 63. Nxh6 Bxd4 64. Nf5 Bc5 65. h6 Bf8 66. h7 Bg7 67. Ne3 Ke6 68. f5+ Ke5 69. Nxd5 Kxd5 70. Kg5 Ke5 71. Kg6 Bf6 72. Kf7 Kxf5 73. Kg8 Kg6 1/2-1/2

[Event "PNWCC Online blitz JP 2nd"]
[Site "Chess.com INT"]
[Date "2020.03.21"]
[Round "9"]
[White "Sethuraman, Roshan"]
[Black "Goktepe, Derin"]
[Result "0-1"]
[WhiteElo "1284"]
[BlackElo "1656"]
[PlyCount "62"]
[EventDate "2020.03.21"]
[EventType "swiss (blitz)"]
[EventRounds "11"]
[EventCountry "USA"]
[SourceTitle "CBM 195 Extra"]
[Source "ChessBase"]
[SourceDate "2020.05.31"]
[SourceVersion "1"]
[SourceVersionDate "2020.05.31"]
[SourceQuality "1"]

1. e4 e5 2. Nf3 Nc6 3. Bb5 a6 4. Ba4 Nf6 5. 0-0 b5 6. Bb3 Bc5 7. Qe2 d6 8. h3 h6 9. Rd1 0-0 10. c3 Bb6 11. d4 Re8 12. dxe5 Nxe5 13. Nxe5 Rxe5 14. Bc2 Bb7 15. Bf4 Re8 16. e5 Nd5 17. Qd3 Nxf4 18. Qh7+ Kf8 19. Qh8+ Ke7 20. exd6+ cxd6 21. Re1+ Kd7 22. Rxe8 Qxe8 23. Bf5+ Kc7 24. Qxg7 Qe1+ 25. Kh2 Qxf2 26. Qxf7+ Kb8 27. Be4 Bxe4 28. Qe8+ Ka7 29. Qxe4 Rg8 30. Qe7+ Kb8 31. Qxd6+ Bc7 0-1

[Event "PNWCC Online blitz JP 2nd"]
[Site "Chess.com INT"]
[Date "2020.03.21"]
[Round "7"]
[White "Sethuraman, Roshan"]
[Black "Liu, Kimberly"]
[Result "0-1"]
[WhiteElo "1284"]
[BlackElo "1904"]
[PlyCount "31"]
[EventDate "2020.03.21"]
[EventType "swiss (blitz)"]
[EventRounds "11"]
[EventCountry "USA"]
[SourceTitle "CBM 195 Extra"]
[Source "ChessBase"]
[SourceDate "2020.05.31"]
[SourceVersion "1"]
[SourceVersionDate "2020.05.31"]
[SourceQuality "1"]

1. e4 e6 2. d4 d5 3. exd5 exd5 4. Nf3 Nc6 5. Bd3 Bg4 6. Be3 Bd6 7. 0-0 Nge7 8. h3 Bh5 9. Nbd2 Qd7 10. c3 0-0-0 11. b4 Rdg8 12. b5 Nd8 13. a4 g5 14. a5 g4 15. hxg4 Qxg4 16. g3 0-1